| 000 | 00616nam a2200229 a 4500 | ||
|---|---|---|---|
| 008 | |||
| 049 | _aMAIN | ||
| 090 | _aTK6550 | ||
| 100 | 1 | 0 | _aGupta, M. L. |
| 245 | 1 | 0 |
_aElectronic and radio engineering/ _c M. L. Gupta. |
| 250 | _a8th ed. | ||
| 260 | 0 |
_aDelhi : _bDhanpat Raiu & Sons, _c1993. |
|
| 300 |
_axxv,1343 p. : _bill. ; _c22 cm. |
||
| 500 | _aIncludes index. | ||
| 650 | _aRadio engineering. | ||
| 650 | _aElectronics. | ||
| 907 |
_a.b10117751 _b09-05-08 _c08-04-04 |
||
| 003 | |||
| 005 | 20230123133655.0 | ||
| 040 | _cNUST | ||
| 942 |
_cBOOKS _kTK6550 |
||
| 999 |
_c152674 _d152674 |
||